Organizing the peace. (Record no. 90110)

MARC details
000 -LEADER
fixed length control field 00952cam a2200241 4500
001 - CONTROL NUMBER
control field sd 67000003
003 - CONTROL NUMBER IDENTIFIER
control field DLC
005 - DATE AND TIME OF LATEST TRANSACTION
control field 20260227112737.0
008 - FIXED-LENGTH DATA ELEMENTS--GENERAL INFORMATION
fixed length control field 690603s1966 dcu 000 0 eng c
010 ## - LIBRARY OF CONGRESS CONTROL NUMBER
LC control number sd 67000003
040 ## - CATALOGING SOURCE
Original cataloging agency U.S. Dept. of State. Library
Transcribing agency DLC
Modifying agency DLC
050 00 - LIBRARY OF CONGRESS CALL NUMBER
Classification number JX1963
Item number .R844
082 00 - DEWEY DECIMAL CLASSIFICATION NUMBER
Classification number 341.1
100 1# - MAIN ENTRY--PERSONAL NAME
Personal name Rusk, Dean,
Dates associated with a name 1909-1994.
245 10 - TITLE STATEMENT
Title Organizing the peace.
260 ## - PUBLICATION, DISTRIBUTION, ETC.
Place of publication, distribution, etc. [Washington]
Name of publisher, distributor, etc. Dept. of State; [for sale by the Supt. of Doc., U.S. Govt. Print. Off.,
Date of publication, distribution, etc. 1966]
300 ## - PHYSICAL DESCRIPTION
Extent 20 p.
Dimensions 20 cm.
490 1# - SERIES STATEMENT
Series statement Department of State publication 8163. General foreign policy series, 217
500 ## - GENERAL NOTE
General note "Address ... before the George C. Marshall Memorial Dinner of the Association of the United States Army, at Washington, D.C., on October 12, 1966."
650 #0 - SUBJECT ADDED ENTRY--TOPICAL TERM
Topical term or geographic name entry element Peace.
830 #0 - SERIES ADDED ENTRY--UNIFORM TITLE
Uniform title Department of State publication ;
Volume/sequential designation 8163.
830 #0 - SERIES ADDED ENTRY--UNIFORM TITLE
Uniform title Department of State publication.
Name of part/section of a work General foreign policy series ;
Volume/sequential designation 217.

No items available.

Powered by Koha